MS Fortran verze 5.0 /

Uložené v:
Podrobná bibliografia
Hlavní autori: Hájek (Autor), Kačena (Autor)
Médium: Kniha
Jazyk:Czech
Vydavateľské údaje: Slušovice : Softwarové noviny
Tagy: Pridať tag
Žiadne tagy, Buďte prvý, kto otaguje tento záznam!

MARC

LEADER 00000nam a22000003a 4500
001 stu17961
005 20150617225756.4
008 910911s--------cs------------------cze-d
040 |a STU  |b slo 
041 0 |a cze 
044 |a cs 
080 |a 681.3.06 
100 1 |a Hájek  |4 aut 
245 1 |a MS Fortran verze 5.0 /  |c [aut.]Hájek, Kačena 
260 |a Slušovice :  |b Softwarové noviny 
300 |a 269 s 
700 1 |a Kačena  |4 aut 
996 |b CB1295  |c C*B1295  |l CCX  |s P  |a 0  |w stu17961_0001